Theatrical design and production : an introduction to scene design and construction, lighting, sound, costume, and makeup (Record no. 5063)
[ view plain ]
| 000 -LEADER | |
|---|---|
| fixed length control field | 00772 a2200193 4500 |
| 020 ## - INTERNATIONAL STANDARD BOOK NUMBER | |
| International Standard Book Number | 0767411919 |
| 035 ## - SYSTEM CONTROL NUMBER | |
| System control number | (InU)CAH3139BB |
| 040 ## - CATALOGING SOURCE | |
| Original cataloging agency | DLC |
| Language of cataloging | DLC |
| 082 00 - DEWEY DECIMAL CLASSIFICATION NUMBER | |
| Classification number | 792/.025 |
| 100 1# - MAIN ENTRY--PERSONAL NAME | |
| Personal name | Gillette, J. Michael. |
| 245 10 - TITLE STATEMENT | |
| Title | Theatrical design and production : an introduction to scene design and construction, lighting, sound, costume, and makeup |
| Remainder of title | an introduction to scene design and construction, lighting, sound, costume, and makeup |
| Statement of responsibility, etc. | J. Michael Gillette. |
| 250 ## - EDITION STATEMENT | |
| Edition statement | 4th ed. |
| 260 ## - PUBLICATION, DISTRIBUTION, ETC. | |
| Place of publication, distribution, etc. | Mountain View, CA : |
| Name of publisher, distributor, etc. | Mayfield Pub., |
| Date of publication, distribution, etc. | c2000. |
| 300 ## - PHYSICAL DESCRIPTION | |
| Extent | xiv, 587 p. : |
| Other physical details | ill., photos (some col.) ; |
| Dimensions | 29 cm. |
| 650 #0 - SUBJECT ADDED ENTRY--TOPICAL TERM | |
| Topical term or geographic name entry element | Stage management. |
| 650 #0 - SUBJECT ADDED ENTRY--TOPICAL TERM | |
| Topical term or geographic name entry element | Theater |
| General subdivision | Production and direction. |
| 650 #0 - SUBJECT ADDED ENTRY--TOPICAL TERM | |
| Topical term or geographic name entry element | Theaters |
| General subdivision | Stage-setting and scenery. |
| 942 ## - ADDED ENTRY ELEMENTS (KOHA) | |
| Koha item type | Book |
| Call number prefix | 792.025 GIL |
| Source of classification or shelving scheme | |
| Withdrawn status | Lost status | Damaged status | Not for loan | Collection code | Permanent Location | Current Location | Shelving location | Date acquired | Source of acquisition | Cost, normal purchase price | Total Checkouts | Full call number | Barcode | Date last seen | Price effective from | Koha item type |
|---|---|---|---|---|---|---|---|---|---|---|---|---|---|---|---|---|
| Central Library (CL) | Central Library (CL) | General Stacks | 03/18/2006 | Donation | 0.00 | 792.025 GIL | SEECS007131 | 11/14/2012 | 01/05/2017 | Book |
